Larval forms : (Record no. 69050)
[ view plain ]
| 000 -LEADER | |
|---|---|
| fixed length control field | 00832nam a2200241 a 4500 |
| 001 - CONTROL NUMBER | |
| control field | 69050 |
| 003 - CONTROL NUMBER IDENTIFIER | |
| rucl marc code | BD-RjUL |
| 005 - DATE AND TIME OF LATEST TRANSACTION | |
| control field | 20211209081838.0 |
| 008 - FIXED-LENGTH DATA ELEMENTS--GENERAL INFORMATION | |
| fixed length control field | 170409r19661951enk b 000 p eng d |
| 035 ## - SYSTEM CONTROL NUMBER | |
| System control number | (BD-RjUL)69261 |
| 040 ## - CATALOGING SOURCE | |
| Original cataloging agency | BD-RjUL |
| Language of cataloging | eng |
| Transcribing agency | BD-RjUL |
| 041 ## - LANGUAGE CODE | |
| Language code of text/sound track or separate title | eng |
| 082 ## - DEWEY DECIMAL CLASSIFICATION NUMBER | |
| Edition number | 23 |
| Classification number | 590 |
| Author mark and year | GAL 1966 |
| 100 1# - MAIN ENTRY--PERSONAL NAME | |
| Personal name | Garstang, Walter, |
| Dates associated with a name | 1868-1949. |
| 9 (RLIN) | 204563 |
| 245 10 - TITLE STATEMENT | |
| Title | Larval forms : |
| Remainder of title | with other zoological verses / |
| Statement of responsibility, etc. | by the late Walter Garstang ; with an introduction by Sir Alister Hardy. |
| 260 ## - PUBLICATION, DISTRIBUTION, ETC. (IMPRINT) | |
| Place of publication, distribution, etc. | Oxford : |
| Name of publisher, distributor, etc. | Basil Blackwell, |
| Date of publication, distribution, etc. | c1951 [reprinted 1966]. |
| 300 ## - PHYSICAL DESCRIPTION | |
| Pagination | 76 p. ; |
| Size | 19 cm. |
| 504 ## - BIBLIOGRAPHY, ETC. NOTE | |
| Bibliography, etc | "A list of Walter Garstang's other publications": p. 77-84. |
| 650 #0 - SUBJECT ADDED ENTRY--TOPICAL TERM | |
| Topical term or geographic name as entry element | Zoology |
| General subdivision | Miscellanea. |
| 9 (RLIN) | 204564 |
| Topical term or geographic name as entry element | Zoology |
| General subdivision | Poetry. |
| 9 (RLIN) | 204565 |
| 700 1# - ADDED ENTRY--PERSONAL NAME | |
| Personal name | Hardy, Alister Clavering, |
| 942 ## - ADDED ENTRY ELEMENTS (KOHA) | |
| Source of classification or shelving scheme | Dewey Decimal Classification |
| Koha item type | Books |
| Lost status | Source of classification or shelving scheme | Damaged status | Not for loan | Collection code | Permanent Location | Current Location | Shelving location | Date acquired | Source of acquisition | Cost, normal purchase price | Total Checkouts | Full call number | Date last seen | Copy number | Koha item type |
|---|---|---|---|---|---|---|---|---|---|---|---|---|---|---|---|
| Dewey Decimal Classification | Not For Loan | Non-fiction | Central Library, University of Rajshahi | Central Library, University of Rajshahi | Reading Room | 28/01/1975 | Janathan Wear & Sons Co., London | 10.00 | 590 GAL 1966 | 09/04/2017 | C-1 | Books | |||
| Dewey Decimal Classification | Non-fiction | Central Library, University of Rajshahi | Central Library, University of Rajshahi | 28/01/1975 | Jonathan Wren & Co. | 1.00 | 590 GAL 1966 | 27/05/2017 | C-2 | Books |